Les personnages dans Astérix / Les Romains - Statistiques

Statistiques générales
  • Ce quiz a été pris 11 fois
    8 depuis la dernière actualisation
  • Le résultat moyen est 66 sur 176
Statistiques - réponses
Mot ou expression Nom du personnage % Correct
A Angle aigu Architecte Anglaigus
100%
A Antivirus Légionnaire Antivirus
100%
A Absolument exclus Centurion Absolumentexclus
83%
A Asparagus Légionnaire Asparagus
67%
A Astre Décurion Astrus
67%
A Aérobus Centurion Caius {Aerobus}
67%
O Obtus Entraineur de gladiateurs Caius {Obtus}
67%
A Arquebuse Garçon de bain Gracchus {Arquebus}
67%
A Arrêt de bus Légionnaire Arrédebus
50%
B Bacillus Aurige Bacillus
50%
B Ballon de baudruche Centurion Ballondebaudrus
50%
B Bégonia Demi-sœur de la cousine par alliance de Jules César Bégonia
50%
B Bel canto Chanteur lyrique Belcantus
50%
B Bel inconnu Instructeur militaire Belinconnus
50%
B Biscornu Centurion Biscornus
50%
B Bonus Malus Préfet de Condate Bonusmalus
50%
P Promo plus Editeur Bonus {Promoplus}
50%
B Brise radius Entraineur Briseradius
50%
B Bonus Centurion Caius {Bonus}
50%
D Diplodocus Gouverneur de Geneva Caius {Diplodocus}
50%
I Infarctus Convive d'orgie Caius {Infarctus}
50%
J Joli gibus Légionnaire Caius {Joligibus}
50%
M Marché aux puces Légionnaire Caius {Marchéopus}
50%
S Saugrenu Elève de l'ENA Caius {Saugrenus}
50%
S Soutient mordicus Chef de la police secrète Caius {Soutienmordicus}
50%
C Calamité Décurion Calamitus
50%
M Minus Légionnaire Caligula {Minus}
50%
C Canal + Mécène Canalplus
50%
C Chorus Légionnaire Chorus
50%
B Blocus Tribun Claudius {Blocus}
50%
B Bouilleur de crus Légionnaire Claudius {Bouilleurdecrus}
50%
C Corne d'urus Légionnaire Claudius {Cornedurus}
50%
H Hypothénuse Garçon de bain Claudius {Hypothénus}
50%
L Lapsus Légionnaire Claudius {Lapsus}
50%
M Métro bus Guide touristique Claudius {Metrobus}
50%
N Non possumus Centurion Claudius {Nonpossumus}
50%
T Trotte-menu Légionnaire Claudius {Trottemenus}
50%
C Cornemuse Décurion Cornemus
50%
C Coronavirus Aurige Coronavirus
50%
L Lupus Fabricant de garum Crésus {Lupus}
50%
D Dans son jus Centurion Dansonjus
50%
D Décubitus Légionnaire Décubitus
50%
D De Prusse Légionnaire Deprus
50%
D Dolce vita Romaine Dolcevita
50%
F Fellini Traiteur Fellinus
50%
F Flavia Romaine en vacances Flavia
50%
F Fred Légionnaire Fredus
50%
G Gare de Fréjus Conseiller Garedefréjus
50%
G Gare au virus Gouverneur de Condate Gracchus {Garovirus}
50%
N N'en jetez plus Centurion Gracchus {Nenjetéplus}
50%
S Sextilius Légionnaire Gracchus {Sextilius}
50%
J Joli cursus Gladiateur Jolicursus
50%
J Jules Raimu Acteur Juleraimus
50%
E Epine de cactus Préfet des Gaules Julius {Epinedecactus}
50%
H Humérus Légionnaire Julius {Humérus}
50%
B Bifidus Sénateur Lactus {Bifidus}
50%
L L'angélus Centurion Langélus
50%
L La Traviata Tragédienne Latraviata
50%
L Lupus Gladiateur Lupus
50%
C Cubitus Légionnaire Marcus {Cubitus}
50%
M Motus Commandant de Burdigala Motus
50%
M Mozzarella Femme de sénateur Mozzarella
50%
N Nautilus Légionnaire Nautilus
50%
N Numerus clausus Agent de recensement Numerusclausus
50%
O Olibrius Légionnaire Olibrius
50%
P Pardessus Légionnaire Pardessus
50%
P Perclus Aide de camp Perclus
50%
P Plexus Brigand romain Plexus
50%
P Processus Légionnaire Processus
50%
P Prospectus Vice-amiral Prospectus
50%
R Radius Brigand romain Radius
50%
R Reflux Général Reflus
50%
R Rictus Geôlier Rictus
50%
R Roméo Montaigu Légionnaire Roméomontaigus
50%
S Sous-entendu Sénateur Sousentendus
50%
S Stradivarius Sénateur Stradivarius
50%
T Tas de virus Décurion Tadevirus
50%
T Taxe en sus Légionnaire Taxensus
50%
T Thermo cumulus Sénateur Thermocumulus
50%
T Tiramisu Convive d'orgie Tiramisus
50%
R Résidus Avocat Titus {Résidus}
50%
T Tohu-Bohu Centurion Tohubohus
50%
C Cumulonimbus Centurion Tullius {Cumulonimbus}
50%
D Détritus Stratège Tullius {Détritus}
50%
M Mordicus Centurion Tullius {Mordicus}
50%
O Octopus Légionnaire Tullius {Octopus}
50%
S Stratocumulus Centurion Tullius {Stratocumulus}
50%
V Veracruz Marin Veracrus
50%
V Viva Juventus Journaliste Vivajuventus
50%
A A plus dans l'bus Légionnaire Aplusdanslbus
33%
A Avanti Popolo Centurion Avantipopulus
33%
E Eucalyptus Collecteur d'impôts Caius {Eucaliptus}
33%
R Roi de Prusse Gouverneur de Londinium Caius {Roideprus}
33%
C Carte à puce Romain Cartapus
33%
C C'est l'astuce Vétéran Célastus
33%
C Choléra morbus Pharmacien Choléramorbus
33%
M Malentendu Vendeur de menhirs Claudius {Malentendus}
33%
P Prend l'omnibus Stratège Claudius {Prenlomnibus}
33%
T Tas de détritus Chef des services secrets Claudius {Tadedétritus}
33%
D Doigt crochu Conseiller Doicrochus
33%
E Eleonora Duse Metteur en scène Eleonoradus
33%
F Fais moi du couscous Romain en vacances Faimoiducuscus
33%
G Gare au typhus Centurion Garotiphus
33%
P Plein d'astuce Préfet de Lutèce Gracchus {Pleindastus}
33%
G Guy Lux Animateur Guilus
33%
H Habeas Corpus Chef de brigands Habeascorpus
33%
H Hôtel Terminus Centurion Hotelterminus
33%
I Hibernatus Légionnaire Ibernatus
33%
J Juste au-dessus Décurion Justodessus
33%
L Léger hiatus Légionnaire Légéiatus
33%
C Coqueluche Fabricant de roues Lucius {Coquelus}
33%
P Perruche Garçon de bain Marcus {Perrus}
33%
S Sac à puces Aide de camp Marcus {Sacapus}
33%
M Mille excuses Légionnaire Milexcus
33%
M Motus et bouche cousue Décurion Motussébouchecousus
33%
N N'amasse pas mousse Gradé romain Namaspamus
33%
N N'en peut plus Général Nenpeuplus
33%
O Orange à jus Légionnaire Oranjajus
33%
P Pas coté à l'Argus Garde de César Pacotéalargus
33%
P Pamplemousse Légionnaire Pamplemus
33%
P Parterre de Crocus Centurion Parterredecrocus
33%
P Petit Larousse Chef de patrouille Petilarus
33%
P Plus tôt que prévu Légionnaire Plutoqueprévus
33%
S Saint Louis Blues Légionnaire Saintlouisblus
33%
S Saut de puce Légionnaire Saudepus
33%
S Savant Cosinus Légionnaire Savancosinus
33%
S Science infuse Légionnaire Sciencinfus
33%
S Six piles incluses Centurion Sipilinclus
33%
S Faire suer le burnous Gouverneur de la Corse Suelburnus
33%
T T'as la berlue Décurion Talaberlus
33%
T Terre inconnue Cartographe Terrinconus
33%
E Entremets franco-russe Secrétaire Tibérius {Entreméfrancorus}
33%
T Tomate au jus Masseur Tomatojus
33%
V Wolfgang Amadeus Légat Volfgangamadéus
33%
Q Qui qu'ils fussent Epouse romaine Alpaga {Quiquilfus}
17%
B Les briser menues Légionnaire Brisemenus
17%
F Fais pas l'gugusse Centurion Caius {Faipalgugus}
17%
C C'est du peu au jus Légionnaire Cédupeuojus
17%
C C'est pas de refus Aubergiste Cépaderefus
17%
C Chaussette russe Légionnaire Chaussetrus
17%
M Mal aux sinus Questeur Claudius {Malausinus}
17%
Q Quintillus Légionnaire Claudius {Quintilius}
17%
Q Qui qu'ils fussent Chef de famille romaine Claudius {Quiquilfus}
17%
E Encore eût-il fallu que je le susse Préfet de Lugdunum Encorutilfaluquejelesus
17%
F Faites excuse Légionnaire Faitexcus
17%
F Faire chorus Centurion Fercorus
17%
Q Qui qu'ils fussent Fils de romains Gracchus {Quiquilfus}
17%
I Import-export Aigle impérial Imporexpor
17%
P Numa Pompilius Légionnaire Julius {Pompilius}
17%
F Fleur exotique Inspecteur envoyé par César Lucius {Fleurdelotus}
17%
O Ours en peluche Centurion Oursenplus
17%
Q Quel qu'ils fussent Légionnaire Quelquilfus
17%
Q Quintus Centurion Quintilius
17%
Q Qui qu'ils fussent Fille de romains Tibia {Quiquilfus}
17%
T Typhus Marchand d'esclaves Tifus
17%
T Ticket de bus Dépanneur de char Tikedbus
17%
F Fanfreluche Tribun Tullius {Fanfrelus}
17%
V Victoire à la Pyrrhus Marin Victoiralapirus
17%
Y Y'a pas de bonus Cuisinier Yapadebonus
17%
A A la va comme je te pousse Préfet des Gaules Caligula {Alavacomgetepus}
0%
C Corneille Secrétaire Cornelia
0%
C Monte Cristo Légionnaire Cristus
0%
D Théodora Impératrice Déodora
0%
F Fake news Légionnaire Fakenius
0%
G Gaspacho andalou Centurion Gazpachoandalus
0%
C C'est un consensus Amiral Gracchus {Cétinconsensus}
0%
M Merci d'être venus Légionnaire Mercidetvenus
0%
M Monte là-dessus Légionnaire Montladsus
0%
P Perdu de vue Légionnaire Perdudvus
0%
P Ponce pilate Procurateur de Judée Ponce {Pénates}
0%
T Testostérone Aurige Testus {Sterone}
0%
T Tu t'es vu quand t'as bu Légionnaire Tutévucantabus
0%
U Ultra répandu Centurion Ultrarépendus
0%
V Vices et vertus Médecin Vicévertus
0%
Y Y'en a plus Préfet de Tolosa Yenapus
0%
Z Zig et Puce Geôlier Ziguépus
0%
Aucun quiz correspondant
Distribution des résultats
% des personnes avec chaque résultat
Percentile par nombre de réponses
Votre historique - résultats
Vous n’avez pas pris ce quiz depuis la dernière actualisation